000 01116nam a22003610a 4500
001 PT7684
003 AR-LpoUNG
005 20210131232216.0
008 191001s1991||||ag |||||||||||||||||spa d
020 _a9505341652
_c$3.20
040 _aAR-LpoUNG
_bspa
_cAR-LpoUNG
_eaacr
041 _aspa
044 _aag
082 0 _a982.03 455uni
100 1 _aSegreti, Carlos S. A.
245 1 3 _aEl unitarismo argentino :
_bnotas para su estudio en la etapa 1810-1819
250 _a1ra. ed.
260 _aBuenos Aires :
_bA-Z,
_c1991.
300 _a185 p. :
_btbls.
520 _a<p>Esta obra no se trata de un estudio orgánico sino que son notas que intentan comenzar a despejar un camino de estudio que tanto debe profundizarse como clarificarse mejor.</p>
650 4 _aARGENTINA
650 4 _aCAMBIO SOCIAL
650 4 _aDESCOLONIZACION
650 4 _aIDEOLOGIAS POLITICAS
650 4 _aINDEPENDENCIA
650 4 _aMOVIMIENTOS DE LIBERACION NACIONAL
650 4 _aMOVIMIENTOS SOCIALES
650 4 _aPOLITICA
650 4 _aREVOLUCION
651 4 _aArgentina
905 _a7684
942 _cLIB
999 _c14361
_d14361